[Event "Liffre op 1st"]
[Site "Liffre"]
[Date "2015.10.17"]
[Round "1"]
[White "Adrian, Claude"]
[Black "Dodard, Herve"]
[Result "1-0"]
[WhiteElo "2208"]
[BlackElo "1641"]
[PlyCount "27"]
[EventDate "2015.10.17"]
[EventType "swiss"]
[EventRounds "9"]
[EventCountry "FRA"]
[SourceTitle "EXT 2019"]
[Source "ChessBase"]
[SourceDate "2018.10.10"]
[SourceVersion "1"]
[SourceVersionDate "2018.10.10"]
[SourceQuality "1"]

1. c4 Nf6 2. Nc3 e6 3. e4 Nc6 4. d4 Bb4 5. e5 Ne4 6. Qc2 Nxc3 7. bxc3 Be7 8. Nf3 d6 9. Bd3 dxe5 10. dxe5 b6 11. 0-0 Ba6 12. Rd1 Qc8 13. Qa4 Bb7 14. Be4 1-0

[Event "Orleans op"]
[Site "Orleans"]
[Date "2004.??.??"]
[Round "1"]
[White "Malkiel, Daniel E"]
[Black "Dodard, Herve"]
[Result "0-1"]
[WhiteElo "2322"]
[BlackElo "1690"]
[PlyCount "84"]
[EventDate "2004.12.??"]
[EventType "swiss"]
[EventRounds "9"]
[EventCountry "FRA"]
[SourceTitle "EXT 2007"]
[Source "ChessBase"]
[SourceDate "2006.11.23"]
[SourceVersion "1"]
[SourceVersionDate "2006.11.23"]
[SourceQuality "1"]

1. e4 e6 2. d4 d5 3. Nd2 dxe4 4. Nxe4 Nd7 5. Nf3 Ngf6 6. Nxf6+ Nxf6 7. c3 Bd6 8. Bd3 0-0 9. Qc2 b6 10. Be3 Bb7 11. 0-0-0 Qc8 12. Bg5 h6 13. Bxf6 gxf6 14. Be4 Bxe4 15. Qxe4 Qa6 16. Kb1 Qb5 17. d5 f5 18. Qh4 Kg7 19. Rhe1 Rae8 20. Nd4 Qd7 21. Qh5 a5 22. h3 Kh7 23. g4 fxg4 24. hxg4 Rg8 25. Rh1 Bf8 26. dxe6 Rxe6 27. Qf5+ Rgg6 28. Nxe6 Qxe6 29. Qxe6 Rxe6 30. Rhe1 Rf6 31. Rf1 Rf3 32. Kc2 Bc5 33. Rd3 Rf4 34. b3 Kg6 35. f3 Bd6 36. Rd4 Rf6 37. f4 Bc5 38. Re4 Kg7 39. f5 Kh7 40. Kd3 Rd6+ 41. Ke2 Kg7 42. Rd1 Rf6 0-1

[Event "Montigny le Bretonneux op 7th"]
[Site "Montigny le Bretonneux"]
[Date "2003.05.04"]
[Round "7.9"]
[White "Couradin, Jean Marie"]
[Black "Dodard, Herve"]
[Result "1/2-1/2"]
[WhiteElo "1760"]
[BlackElo "1530"]
[PlyCount "82"]
[EventDate "2003.05.??"]
[EventType "swiss"]
[EventRounds "9"]
[EventCountry "FRA"]
[SourceTitle "EXT 2004"]
[Source "ChessBase"]
[SourceDate "2003.11.25"]
[SourceVersion "1"]
[SourceVersionDate "2003.11.25"]
[SourceQuality "1"]

1. e4 e6 2. d4 d5 3. Nc3 Nf6 4. Bg5 Be7 5. e5 Nfd7 6. h4 a6 7. Nh3 c5 8. dxc5 Nxc5 9. Bd3 Nc6 10. f4 Nxd3+ 11. Qxd3 f6 12. exf6 Bxf6 13. Bxf6 Qxf6 14. g3 Bd7 15. 0-0-0 Nb4 16. Qd2 Qf5 17. a3 Nc6 18. Ng5 h6 19. Nf3 b5 20. Rhe1 0-0 21. Ne5 Nxe5 22. Rxe5 Qf7 23. Ne4 Rfd8 24. Nc5 Rdc8 25. b4 a5 26. Qd4 Rc6 27. Rde1 Rac8 28. g4 axb4 29. axb4 Qe7 30. f5 Rxc5 31. bxc5 Qxc5 32. Qxc5 Rxc5 33. fxe6 Be8 34. Rd1 Bg6 35. Rd2 b4 36. e7 Be8 37. Rexd5 Rc7 38. Re2 b3 39. Kb2 bxc2 40. Rxc2 Rb7+ 41. Kc1 Rxe7 1/2-1/2

[Event "Montigny le Bretonneux op 7th"]
[Site "Montigny le Bretonneux"]
[Date "2003.05.03"]
[Round "4.9"]
[White "Dodard, Herve"]
[Black "Delpech, Olivier"]
[Result "1-0"]
[WhiteElo "1530"]
[BlackElo "1780"]
[PlyCount "119"]
[EventDate "2003.05.??"]
[EventType "swiss"]
[EventRounds "9"]
[EventCountry "FRA"]
[SourceTitle "EXT 2004"]
[Source "ChessBase"]
[SourceDate "2003.11.25"]
[SourceVersion "1"]
[SourceVersionDate "2003.11.25"]
[SourceQuality "1"]

1. c4 e6 2. Nc3 d5 3. cxd5 exd5 4. d4 Nf6 5. g3 Be7 6. Bg2 c6 7. Nf3 0-0 8. 0-0 Re8 9. e3 Nbd7 10. a3 Nf8 11. b4 Bd7 12. Bd2 Ne4 13. Ne5 Nxc3 14. Bxc3 Be6 15. Qe2 f6 16. Nd3 b6 17. Nf4 Bf7 18. b5 Rc8 19. bxc6 Rxc6 20. Bb4 a5 21. Bxe7 Rxe7 22. Rfc1 Rec7 23. Rxc6 Rxc6 24. Qb5 Qc7 25. Bxd5 Rc1+ 26. Rxc1 Qxc1+ 27. Kg2 Qc7 28. a4 g5 29. Nh5 Qd6 30. Kg1 Bxd5 31. Qxd5+ Qxd5 32. Nxf6+ Kf7 33. Nxd5 Nd7 34. Kf1 Ke6 35. e4 Kd6 36. Ke2 Kc6 37. Kd3 b5 38. Kc3 bxa4 39. Kb2 Nf8 40. Nc3 Nd7 41. Nxa4 Kb5 42. Kb3 h6 43. f4 Nf6 44. e5 Nd5 45. f5 Kc6 46. Nc5 Kc7 47. f6 Kd8 48. f7 Ke7 49. e6 h5 50. Nd7 Kxe6 51. f8Q Kxd7 52. Qf5+ Kd6 53. Qe5+ Kc6 54. Qe6+ Kc7 55. Qxd5 a4+ 56. Kxa4 h4 57. Qxg5 hxg3 58. Qxg3+ Kd7 59. h4 Ke7 60. Qg6 1-0